Guess the country of each Miss International - Statistics

General Stats
  • This quiz has been taken 4 times
  • The average score is 33 of 63
Answer Stats
Picture Answer % Correct
Germany
100%
Australia
75%
Brazil
75%
Colombia
75%
Germany
75%
Germany
75%
Iceland
75%
Netherlands
75%
Philippines
75%
Philippines
75%
United Kingdom
75%
United Kingdom
75%
United States
75%
United States
75%
United States
75%
Vietnam
75%
Argentina
50%
Australia
50%
Australia
50%
Colombia
50%
Colombia
50%
Colombia
50%
Finland
50%
France
50%
Japan
50%
Mexico
50%
Mexico
50%
New Zealand
50%
Philippines
50%
Philippines
50%
Philippines
50%
Philippines
50%
Poland
50%
Poland
50%
Poland
50%
Portugal
50%
Puerto Rico
50%
Puerto Rico
50%
Spain
50%
Spain
50%
Spain
50%
Thailand
50%
Venezuela
50%
Venezuela
50%
Venezuela
50%
Venezuela
50%
Venezuela
50%
Venezuela
50%
Venezuela
50%
Venezuela
50%
Venezuela
50%
Costa Rica
25%
Costa Rica
25%
Ecuador
25%
England
25%
Greece
25%
Guatemala
25%
Indonesia
25%
Lebanon
25%
Norway
25%
Norway
25%
Panama
25%
Yugoslavia
25%
No matching quizzes found
Score Distribution
Percent of People with Each Score
Percentile by Number Answered
Your Score History
You have not taken this quiz